zpět

Detail výsledku týmu

U Dvou dobráků PO, Opava

Datum a čas kvízu

37.5 Celkem bodů Celkový počet nahraných bodů na tomto kvízu bez doplňovacích otázek.
3. Pořadí na kvízu Konečné umístění týmu na tomto kvízu.

Zaznamenané odpovědi

# Otázka Odpověď Body Výsledky
1. Čeští speleologové naměřili mi... 450 m 1
2. Do francouzské řeky Seiny minu... běluha (severní) 1
3. Ve čtvrtek měla premiéru komed... Střídavka 1
4. Časopis Forbes zveřejnil žebří... Tomáš Satoranský, Karolína Plíšková 0.5
5. Finále ženského fotbalového Eu... Anglie, Německo 1
6. V následujícím tématu se budem... ententýk 1
7. Uveďte název filmu z roku 1984... Rozpuštěný a vypuštěný 1
8. Tento ikonický vůz s modelovým... Citroën 1
9. V tomto tématu nemůžeme opomen... v roce 2010 1
10. „Kačerov jak hurikán, k nám už... laser 1